15 największych miast nad morzem w Polsce - Statystyki

Ogólne statystyki
  • Ten quiz został rozwiązany 549 razy
  • Średni wynik to 8 z 15
Statystyki odpowiedzi
Województwo Liczba ludności Miasto % Poprawnych
pomorskie 466 631 Gdańsk
99%
pomorskie 246 309 Gdynia
99%
zachodniopomorskie 46 568 Kołobrzeg
88%
pomorskie 33 500 Sopot
87%
zachodniopomorskie 40 883 Świnoujście
76%
pomorskie 10 037 Władysławowo
67%
pomorskie 15 709 Ustka
65%
pomorskie 3 694 Łeba
62%
zachodniopomorskie 5 417 Międzyzdroje
48%
zachodniopomorskie 13 935 Darłowo
47%
pomorskie 11 265 Puck
41%
zachodniopomorskie 2 708 Dziwnów
24%
zachodniopomorskie 33 152 Police
17%
zachodniopomorskie 4 859 Wolin
16%
warmińsko-mazurskie 2 731 Tolkmicko
10%
Nie znaleziono quizów pasujących do podanych kryteriów
Rozkład punktacji
Procent ludzi z każdym wynikiem
Percentyl według liczby udzielonych odpowiedzi
Twoja historia wyników
Nie rozwiązałeś tego quizu